00403nam a2200157Ia 4500003000400000005001700004008004100021020001800062040000900080082001900089100003100108245005000139260003300189300000800222650001500230OSt20201214110125.0190216s9999||||xx |||||||||||||| ||und|| a9788126427284 coclc a894.812bPOY/J aPoythumkadavu, Shihabuddin 0aJeevaparayantham /cShihabuddin Poythumkadavu bD C Books,c2010.aKottayam: a78p aOormakurip